Spytihněvův soud /

Main Author: Eliáš, Rudolf, 1878-1964
Language: Czech
Published: Holešov : L. Klabusay, 1926
Series: Malý republikán
Physical Description: 29 s.
Book
Saved in:
LEADER 00792nam a2200217 a 4500
001 000570203
003 CZ BrMZK
005 20170330122506.0
008 980107s1926 xr f cze d
040 |a BOA001  |b cze  |c BOA002 
100 1 |a Eliáš, Rudolf,  |d 1878-1964  |7 jk01030417 
245 1 0 |a Spytihněvův soud /  |c Rudolf Eliáš ; il. Joža Dobeš. 
260 |a Holešov :  |b L. Klabusay,  |c 1926 
300 |a 29 s. 
490 1 |a Malý republikán 
500 |a Přívazek k : R. Eliáš - Libuše věstí slávu Prahy 
830 0 |a Malý republikán 
910 |a BOA001  |b PK-I-0011.499,přív.2 
964 |a Pověsti české staré - Spytihněv - zpracování pro mládež 
990 |a BK 
996 6 |b 570203-10  |c PK-I-0011.499,přív.2  |l MZK  |r Sklad / do 1 hodiny  |n 0  |w 000570203  |u 000010  |a 1  |e BOA001  |j MZK50  |s P